| 000 | 00354 a2200157 4500 | ||
|---|---|---|---|
| 001 | 156795 | ||
| 020 | _a9788526023925 | ||
| 040 | _cEscola São Tomás de Aquino | ||
| 100 | _aCOLASANTI, Marina | ||
| 240 | 1 | 0 |
_aEu sozinha _lpor |
| 245 | 1 | 0 | _aEu sozinha |
| 300 | _a112 p. | ||
| 362 | 0 | _a2018 | |
| 697 | _aCRÔNICA, CONTO, NOVELA,CARTAS | ||
| 942 | _cBK | ||
| 999 |
_c156795 _d156795 |
||